000 00458nam a2200169Ia 4500
999 _c28911
_d28911
003 OSt
005 20210111115555.0
008 190216s9999||||xx |||||||||||||| ||und||
040 _coclc
082 _a894.8122
_bBAB/S
100 _aBabujohn
_98173
245 0 _aSagavu E M S /
_cBabujohn
260 _bHaritham Books,
_aKozhikode:
_c2005.
300 _a66p
650 _aNadakam
942 _cBK
_2ddc
_h894.8122
_iBAB/S
_k894.8122
_mBAB/S